Statistiken für Geboren in Ingolstadt

Klicken Sie hier um das Quiz zu spielen!

Allgemein

  • Dieses Quiz wurde 28 mal gespielt
  • Das Durchschnittsergebnis liegt bei 2 aus 7

Antwortstatistiken

HinweisAntwort% Korrekt
CSU-Politiker, früherer Ministerpräsident von Bayern und Bundesinnenminister1949Horst Seehofer
92%
ehemaliger Nationalspieler, (Wolfsburg, VfB Stuttgart und Ingolstadt)1987Christian Träsch
48%
Gründer des Illuminatenordens1748Adam Weishaupt
20%
Musikjournalist und Fernsehmoderator1967Markus Kavka
16%
Gründer von MediaMarkt1939Erich Kellerhaas
4%
Reichsführer der SS und Beteiligter am Hitlerputsch1897Joseph Berchtold
4%
Gründer und Chefredakteur der rechten Zeitung "Junge Freiheit"1967Dieter Stein
0%

Verteilung der Resultate

Perzentil nach korrekt beantworteten Fragen

Anzahl Personen mit jedem Resultat

Ihre Resultats-Entwicklung

Sie haben dieses Quiz noch nicht gespielt